| 000 | 00676nam a22001937a 4500 | ||
|---|---|---|---|
| 999 |
_c193904 _d193904 |
||
| 005 | 20221123110331.0 | ||
| 010 | _aUR-11770 | ||
| 020 |
_a9789394616929 _c500.00 |
||
| 035 | _aU-10325 | ||
| 037 |
_bDBAD/PUB _a- |
||
| 082 | _a840.8 | ||
| 100 | _aعطا عابدی | ||
| 245 |
_aآزادی کے بعد بہار کے اردو ادبی رسایل / _cعطا عابدی _hا ر د و |
||
| 246 |
_aAzadi ke baad bihar ke urdu adabi rasael / _bby Ata Abidi |
||
| 260 |
_aNew Delhi _bEducational Publishing House _c2022 ء |
||
| 270 |
_aH.O. D1/16, Ansari Road, Daryaganj _bNew Delhi _e110002 |
||
| 300 |
_a320 ص _c23cm(Hb) |
||
| 942 |
_2ddc _cUR _h840.8 _mع ط ا |
||